| 000 | 00762nam a2200277Ia 4500 | ||
|---|---|---|---|
| 003 | OSt | ||
| 005 | 20221006144512.0 | ||
| 006 | a|||||r|||| 00| 0 | ||
| 007 | ta | ||
| 008 | 221006b |||||||| |||| 00| 0 chi d | ||
| 020 | _cYu 19.00 | ||
| 024 | _a11,836 | ||
| 037 |
_bGift, PRC _cTextual |
||
| 040 |
_aEASL _cEASL _bchi |
||
| 041 |
_2chi _achi |
||
| 082 | _aP41:(Y:3411), N4 | ||
| 100 |
_aCAI Xi Qin _9652147 |
||
| 245 | 0 | _aZhongguo Chengwei cidian | |
| 260 |
_aBeijing _bBeijing Yuyan Xue Yuan Chubanshe China _c1994 |
||
| 300 |
_a515p. _ccm. |
||
| 490 | _v CL | ||
| 650 |
_a CL _9642733 |
||
| 650 |
_aDictionary of Appellation _9652148 |
||
| 942 |
_hP41:(Y:3411), N4 _cTEXL _2CC |
||
| 999 |
_c1079922 _d1079922 |
||